000 00414cam a2200169ua 4500
020 _c21 sh
041 _aeng
_h
082 _a824
_bREA/TO
100 _aRead, Herbert .
245 _aTo hell with culture /
_cHerbert Read.
_hTextual Documents
260 _aLondon :
_bRoutledge & Kegan Paul Ltd ,
_c1963.
300 _a193 ; .
365 _a21 sh
504 _a
942 _cBK
999 _c12250
_d12250